MARC details
| 000 -CABECERA |
| campo de control de longitud fija |
01901nam a22002537a 4500 |
| 003 - IDENTIFICADOR DEL NÚMERO DE CONTROL |
| campo de control |
OSt |
| 005 - FECHA Y HORA DE LA ÚLTIMA TRANSACCIÓN |
| campo de control |
20260512154006.0 |
| 008 - DATOS DE LONGITUD FIJA--INFORMACIÓN GENERAL |
| campo de control de longitud fija |
251023b |||||||| |||| 00| 0 eng d |
| 022 ## - NÚMERO INTERNACIONAL NORMALIZADO PARA PUBLICACIONES SERIADAS |
| Número Internacional Normalizado para Publicaciones Seriadas |
0363-7425 |
| 022 ## - NÚMERO INTERNACIONAL NORMALIZADO PARA PUBLICACIONES SERIADAS |
| Número Internacional Normalizado para Publicaciones Seriadas |
1930-3807 |
| 040 ## - FUENTE DE LA CATALOGACIÓN |
| Centro catalogador/agencia de origen |
English |
| Centro/agencia transcriptor |
tbs |
| 041 ## - CÓDIGO DE LENGUA |
| Código de lengua del texto/banda sonora o título independiente |
English |
| 100 ## - ENTRADA PRINCIPAL--NOMBRE DE PERSONA |
| Nombre de persona |
Hillman, Amy J. |
| 9 (RLIN) |
26453 |
| 245 ## - MENCIÓN DE TÍTULO |
| Título |
Corporate Political Strategy Formulation |
| Resto del título |
: A Model of Approach, Participation, and Strategy Decisions |
| Mención de responsabilidad, etc. |
/ Amy J. Hillman, Michael A. Hitt |
| 260 ## - PUBLICACIÓN, DISTRIBUCIÓN, ETC. |
| Nombre del editor, distribuidor, etc. |
The Academy of Management Review |
| Fecha de publicación, distribución, etc. |
1999 |
| 362 ## - FECHAS DE PUBLICACIÓN Y/O DESIGNACIÓN SECUENCIAL |
| Fecha de publicación y/o designación secuencial |
The Academy of Management Review, Vol. 24, No. 4 (Oct., 1999), pp. 825-842 (18 pages) |
| 520 ## - SUMARIO, ETC. |
| Sumario, etc. |
In this article we examine two general approaches to political action (transactional and relational), two levels of participation (individual and collective), and three types of generic political strategies (information, financial incentive, and constituency building), thus presenting a comprehensive taxonomy of political strategies. In addition, we identify firm and institutional variables that affect the likelihood of making specific decisions within the formulation model. The result is a decision-tree model of political strategy formulation that integrates and extends prior diffused work. |
| 653 ## - TÉRMINO DE INDIZACIÓN--NO CONTROLADO |
| Término no controlado |
Political action |
| 653 ## - TÉRMINO DE INDIZACIÓN--NO CONTROLADO |
| Término no controlado |
Corporate Political Strategy Formulation |
| 653 ## - TÉRMINO DE INDIZACIÓN--NO CONTROLADO |
| Término no controlado |
Strategy Decisions |
| 700 ## - ENTRADA AGREGADA--NOMBRE PERSONAL |
| Nombre de persona |
Hitt, Michael A. |
| 9 (RLIN) |
26454 |
| 856 ## - LOCALIZACIÓN Y ACCESO ELECTRÓNICOS |
| Identificador Uniforme del Recurso |
<a href="https://www-jstor-org.hub.tbs-education.fr/stable/259357?searchText=Corporate+Political+Strategy+Formulation+A+Model+of+Approach%2C+Participation%2C+and+Strategy+Decisions&searchUri=%2Faction%2FdoBasicSearch%3FQuery%3DCorporate%2BPolitical%2BStrategy%2BFormulation%253A%2BA%2BModel%2Bof%2BApproach%252C%2BParticipation%252C%2Band%2BStrategy%2BDecisions%26so%3Drel&ab_segments=0%2Fspellcheck_basic_search%2Fcontrol&refreqid=fastly-default%3A509e6d61d76d8b4f0702c1dbd5563fd3&seq=1">https://www-jstor-org.hub.tbs-education.fr/stable/259357?searchText=Corporate+Political+Strategy+Formulation+A+Model+of+Approach%2C+Participation%2C+and+Strategy+Decisions&searchUri=%2Faction%2FdoBasicSearch%3FQuery%3DCorporate%2BPolitical%2BStrategy%2BFormulation%253A%2BA%2BModel%2Bof%2BApproach%252C%2BParticipation%252C%2Band%2BStrategy%2BDecisions%26so%3Drel&ab_segments=0%2Fspellcheck_basic_search%2Fcontrol&refreqid=fastly-default%3A509e6d61d76d8b4f0702c1dbd5563fd3&seq=1</a> |
| 942 ## - ELEMENTOS DE ENTRADA AGREGADA (KOHA) |
| Fuente del sistema de clasificación o colocación |
Clasificación de Library of Congress |